000 00662cam a22002293a 4500
001 31166
003 PGUSA
005 20140828083656.0
008 100203s2010||||xxu|||||s|||||000 | eng d
040 _aPGUSA
_beng
042 _adc
050 4 _aDS
100 1 _aBrion, Hypacio de
245 1 2 _aA India Portugueza :
_bConferencia feita em 16 de março de 1908
_h[electronic resource] /
_cHypacio de Brion
260 _bProject Gutenberg,
_c2010
506 _aPublic domain in the USA.
516 _aElectronic text
653 _aPortuguese -- India
830 0 _aProject Gutenberg
_v31166
856 4 0 _uhttp://www.gutenberg.org/ebooks/31166
942 _cEB
999 _c260421
_d260421